00321nam a2200109Ia 4500008004100000082001700041100002100058245003700079260003400116630001800150650004300168211109s9999||||xx |||||||||||||| ||und|| a891.2bMUN-M aMunshi K M/ Ed,  0aMahabharata By Rajigopalachari C bPenguin BooksaNew Yorkc1900 xGeneral Stack aMahabharata vhinduismvedasxGeneralia